Statistics for Chapter 13 & 15 Vocabulary Terms

Click here to take the quiz!

General Stats

  • This quiz has been taken 6 times
  • The average score is 8 of 10

Answer Stats

Definition Term % Correct
The belief that a person's soul is reborn into a new body after death.Reincarnation
100%
A flat area of land that is elevated, or raised, above the land around it.Plateau
100%
A large landmass that is smaller than a continent.Subcontinent
80%
A strong wind that brings heavy rain to southern Asia in the summer.Monsoon
80%
An ancient Indian language.Sanskrit
80%
A class, or group, in Hindu society.Caste
80%
A belief found in Hinduism and other Indian traditions that a person has a duty or obligation to live an honorable life.Dharma
80%
A belief found in Hinduism that the good and evil done in the past life determines the nature of that person's next life.Karma
80%
A journey to a holy place.Pilgrimage
60%
A collection of ancient writings viewed as sacred by many Hindus.Vedas
40%

Score Distribution

Percentile by Number Answered

Percent of People with Each Score

Your Score History

You have not taken this quiz